000 00596nam a22001457a 4500
020 _a0-590-47537-1
082 _a823
_bWAR/B
100 _aGERTRUDE CHANDLER WARNER
245 _aTHE BOXCAR CHILDREN
_bTHE MYSTERY OF THE HIDDEN BEACH
260 _aUSA
_bSCHOLASTIC INC
_c1994
300 _a120
520 _aFour brave siblings were searching for a home – and found a life of adventure! Join the Boxcar Children as they set out on their own in the first book in this illustrated chapter book series beloved by generations of readers.
650 _aTHE MYSTERY OF THE HIDDEN BEACH
_zUSA
942 _cBK
999 _c449
_d449